Les villes des clubs de Premier League 22/23 - Statistiques

Statistiques générales
  • Ce quiz a été pris 229 fois
  • Le résultat moyen est 18 sur 20
Statistiques - réponses
Club Ville % Correct
Arsenal Londres
100%
Liverpool Liverpool
96%
Chelsea Londres
96%
Manchester City Manchester
96%
Manchester United Manchester
96%
Tottenham Londres
95%
Leicester City Leicester
94%
West Ham Londres
94%
Newcastle United Newcastle
93%
Crystal Palace Londres
92%
Leeds United Leeds
91%
Southampton Southampton
90%
Fulham Londres
89%
Brighton & Hove Albion Brighton
87%
Nottingham Forest Nottingham
87%
Everton Liverpool
86%
Bournemouth Bournemouth
85%
Wolverhampton Wanderers Wolverhampton
80%
Brentford City Londres
71%
Aston Villa Birmingham
67%
Aucun quiz correspondant
Distribution des résultats
% des personnes avec chaque résultat
Percentile par nombre de réponses
Votre historique - résultats
Vous n’avez pas pris ce quiz